[Event "ESNH-ch 2021"]
[Site "Tornelo"]
[Date "2021.04.17"]
[Round "1.1"]
[White "Efimov, Igor"]
[Black "Constantinou, Pavlos"]
[Result "1-0"]
[WhiteElo "2416"]
[BlackElo "2120"]
[Annotator "TA"]
[PlyCount "73"]
[EventDate "2021.04.17"]
[EventType "tourn"]
[EventCountry "NET"]
[SourceTitle "playchess.com"]
[Source "ChessBase"]
[SourceQuality "1"]

{[%evp 16,73,35,31,68,75,73,73,216,196,195,112,110,114,120,122,112,120,118,114,114,114,148,149,132,114,156,142,156,154,154,156,176,185,210,181,216,225,237,238,237,224,273,265,297,297,305,298,279,268,332,337,342,355,482,479,507,497,460,442]} 1. d4 Nf6 2. Nf3 e6 3. c4 Bb4+ 4. Nc3 O-O 5. Bg5 d5 6. e3 c6 7. Qc2 Nbd7 8. Bd3 h6 9. Bh4 Re8 {D38: Queen's Gambit Declined: Ragozin Defence (4 Nf3 Bb4).} 10. O-O dxc4 11. Bxc4 {[#]} e5 $146 (11... Be7 $16 {is a better defense.}) ({Predecessor:} 11... b5 12. Bd3 Qb6 13. Rac1 Bb7 14. Rfd1 a6 15. Ne5 Be7 16. Bg3 Red8 17. a4 Rac8 {1-0 (45) Barbosa,F (2090)-De Carvalho,I (1874) Americana 2012}) 12. Qb3 Qe7 13. Nxe5 (13. Bxf6 $18 gxf6 {[#]} 14. Bxf7+ $1 {[%mdl 576] Deflection} Qxf7 15. Qxb4) 13... Nxe5 $16 14. dxe5 Bxc3 15. bxc3 b5 16. exf6 bxc4 17. fxe7 cxb3 18. axb3 {[%cal Ba2b3,Bb3b4][%mdl 32]} g5 19. Bg3 {aiming for Bd6.} Rxe7 20. Rfd1 Be6 21. b4 Rd7 22. Rxd7 Bxd7 {[%mdl 4096] Endgame KRB-KRB} 23. Ra6 Be8 24. Be5 Rd8 {[%cal Rd8d1] [#]} 25. Bd4 Rd7 26. g4 Kh7 27. f3 h5 28. h3 hxg4 29. hxg4 Re7 30. Kf2 Kg6 31. e4 f6 32. Bxa7 Rb7 33. Bd4 Kf7 34. Ke3 Ke6 35. Ra8 {White is clearly winning.} Bf7 36. Rc8 Kd7 37. Rh8 {Weighted Error Value: White=0.07/Black=0.29} 1-0

[Event "ESNH-ch 2021"]
[Site "Tornelo"]
[Date "2021.04.17"]
[Round "1.2"]
[White "Righi, Ezio"]
[Black "Darmanin, Jake"]
[Result "0-1"]
[WhiteElo "1915"]
[BlackElo "2106"]
[Annotator "TA"]
[PlyCount "80"]
[EventDate "2021.04.17"]
[EventType "tourn"]
[EventCountry "NET"]
[SourceTitle "playchess.com"]
[Source "ChessBase"]
[SourceQuality "1"]

{[%evp 9,80,31,31,6,0,0,0,-7,6,4,17,5,15,11,18,18,19,-14,34,-25,-18,-33,-31,-38,-25,-24,-35,-32,-21,-12,0,0,0,-10,-10,-9,-9,-8,-8,-27,-27,-28,-28,-29,-29,-39,-45,-127,-117,-923,-897,-854,-799,-1816,-2293,-2333,-2443,-6270,-6083,-6395,-6387,-6287,-6042,-6203,-5089,-29978,-29979,-29976,-5097,-29983,-29984,-29983,-29984]} 1. e4 e5 2. Nf3 Nc6 3. Bb5 a6 4. Bxc6 dxc6 5. O-O Be7 6. d4 {C68: Ruy Lopez: Exchange Variation, sidelines.} (6. d3 {is more complex.} Bd6 7. d4 exd4 8. Qxd4 f6 9. Be3) 6... exd4 7. Qxd4 Qxd4 8. Nxd4 {The position is equal.} c5 9. Ne2 {[#]} Bd7 $146 ({Predecessor:} 9... Nf6 10. f3 O-O 11. Bf4 c6 12. Rd1 Be6 13. Nbc3 Rad8 14. Bc7 Rd7 15. Rxd7 Nxd7 {0-1 (37) Lais,T (1836)-Wagner,H (2084) Postbauer 2007}) 10. Nbc3 O-O-O 11. Nd5 Bb5 12. Re1 Bd6 13. Nec3 Bc6 14. Be3 (14. Bg5 $14 Rd7 15. Bf4) 14... Ne7 $11 15. Nxe7+ Bxe7 16. Rad1 Bf6 17. Nd5 Bxd5 18. exd5 c4 19. b3 b5 (19... Rhe8 {looks sharper.} 20. Kf1 Re5 21. bxc4 Re4 22. c5 Ra4) 20. bxc4 bxc4 21. Bd4 Rxd5 22. Bxf6 Rxd1 23. Rxd1 gxf6 {[%mdl 4096] Endgame KR-KR} 24. Kf1 Rd8 25. Rxd8+ Kxd8 {KP-KP} 26. Ke2 Kd7 $1 27. Ke3 Kc6 $1 28. Kd4 (28. Kd2 $15) 28... Kb5 $17 29. c3 $2 {[%mdl 8192] [#] White does not recover from this.} (29. Kc3 $17) 29... Ka4 $19 30. Kxc4 Ka3 31. f4 f5 32. g3 h6 33. Kc5 Kxa2 34. Kb4 Kb2 35. c4 Kc2 36. h3 Kd3 37. g4 fxg4 38. hxg4 Kd4 (38... a5+ $142 39. Kb5 Ke4 40. Kxa5 Kxf4 41. Kb5 Kxg4 42. c5 h5 43. Kc6 h4 44. Kxc7 h3 45. Kd6 h2 46. c6 h1=Q 47. c7 Qh6+ 48. Ke7 Qe6+ 49. Kd8 Qd6+ 50. Kc8 f5 51. Kb8 Qe5 52. Ka8 Qc5 53. Kb8 Qc1 54. Kb7 Kf3 55. Kb8 Kg4 56. Kc8 f4 57. Kd8 {[#]} Qxc7+ $3 {[%mdl 512]} 58. Kxc7 f3 59. Kd7 f2 60. Kd6 f1=Q 61. Kc5 Kf5 62. Kd4 Qb5 63. Ke3 Qc4 64. Kf3 Qe4+ 65. Kf2 Kg4 66. Kg1 Kf3 67. Kh1 Kg3+ 68. Kg1 Qg2#) 39. g5 hxg5 40. fxg5 c5+ {Weighted Error Value: White=1.23/Black=0.26} 0-1

[Event "ESNH-ch 2021"]
[Site "Tornelo"]
[Date "2021.04.17"]
[Round "1.3"]
[White "Carpenter, Paul A"]
[Black "Luke Brezmes, Cristofer"]
[Result "0-1"]
[WhiteElo "1982"]
[BlackElo "2043"]
[Annotator "TA"]
[PlyCount "38"]
[EventDate "2021.04.17"]
[EventType "tourn"]
[EventCountry "NET"]
[SourceTitle "playchess.com"]
[Source "ChessBase"]
[SourceQuality "1"]

{[%evp 9,38,-89,-91,-95,-88,-91,-88,-98,-74,-84,-60,-164,-110,-132,-138,-136,-133,-207,-234,-244,0,0,114,-570,-593,-1060,-1022,-1911,-1891,-29990,-29991]} 1. e4 e5 2. f4 exf4 3. Nf3 Nf6 4. e5 Nh5 5. Bc4 d5 6. exd6 {C34: King's Gambit Accepted: 3 Nf3: 3...Nf6 and 3...d6.} Bxd6 7. O-O O-O 8. d4 {Black is better.} Nc6 9. Nc3 Bg4 10. Ne2 {[#]} (10. Ne4 $15) 10... Kh8 $146 (10... Qf6 $19 11. Bd5 Rfe8) ({Predecessor:} 10... Re8 11. c3 g5 12. b4 h6 13. a4 Ne7 14. Qb3 Rf8 15. Bd3 Bf5 16. Bxf5 Nxf5 {0-1 (50) Reichel,T (1726)-Stukheil,M (1892) Sec u Chrudimi 2007}) 11. Bd2 Qf6 12. c3 Rae8 13. Qc1 (13. Nc1 $17 {keeps fighting.}) 13... g5 $19 14. h3 Bxh3 {[#]} 15. gxh3 $11 Qf5 (15... Ne7 $11 {remains equal.}) 16. Kh2 $2 {[%mdl 8192] White does not recover from this.} (16. Qb1 $16 {is necessary to keep the advantage.} Qd7 17. Nxg5) 16... Na5 $19 17. Ne5 {intending Bd3.} Nxc4 {[%mdl 64] [#] Pin} 18. Bxf4 gxf4 19. Nxf4 Nxe5 {Weighted Error Value: White=1.66/Black=0.48} 0-1

[Event "ESNH-ch 2021"]
[Site "Tornelo"]
[Date "2021.04.17"]
[Round "1.4"]
[White "Ziska, Helgi Dam"]
[Black "Apol, Luitjen Akselsson"]
[Result "1-0"]
[WhiteElo "2539"]
[BlackElo "2092"]
[Annotator "TA"]
[PlyCount "65"]
[EventDate "2021.04.17"]
[EventType "tourn"]
[EventCountry "NET"]
[SourceTitle "playchess.com"]
[Source "ChessBase"]
[SourceQuality "1"]

{[%evp 10,65,23,12,29,19,20,24,20,22,21,30,22,19,66,74,64,68,57,72,81,58,58,76,73,58,110,122,188,197,226,188,204,169,156,158,289,77,76,70,128,114,145,129,171,167,214,156,398,419,479,368,852,812,874,863,2266,1826]} 1. e4 c5 2. Nf3 d6 3. d4 Nf6 4. Nc3 cxd4 5. Nxd4 a6 6. a3 Nc6 {B90: Sicilian Najdorf: Unusual White 6th moves, 6 Be3 Ng4 and 6 Be3 e5.} 7. Be2 e5 8. Nb3 Be7 {White has an edge.} 9. Be3 O-O 10. g4 Be6 11. g5 $1 {[%cal Rg5f6] [#]} Ne8 $146 ({Predecessor:} 11... Nxe4 12. Nxe4 d5 13. Nec5 d4 14. Nxe6 fxe6 15. Bd2 Qd5 16. Rg1 e4 17. Bg4 a5 {0-1 (57) Solovjov,S (2398)-Kuzmin,E (2117) St Petersburg 2011}) 12. Rg1 Rc8 13. Nd5 f5 14. exf5 Bxf5 15. Bg4 g6 $1 16. Bxf5 Rxf5 17. Qg4 Ng7 (17... Bf8 $14) 18. O-O-O $16 b5 (18... Kh8 $16) 19. Kb1 $18 a5 20. h4 Qf8 21. a4 bxa4 22. Qxa4 Nb4 (22... Rf7 $16 23. Nb6 (23. Nxa5 Nxa5 24. Qxa5 Nf5 $16) 23... Rc7) 23. Qxa5 $2 {[#]} ({Not} 23. Nxb4 axb4 24. Qa6 (24. Qxb4 d5 $11) 24... Rf3 $11) (23. Nb6 $18) 23... Nxd5 $16 24. Qxd5+ ({Much worse is} 24. Rxd5 Rxf2 25. Bxf2 Qxf2 $11) 24... Kh8 (24... Qf7 $14) 25. Rg4 Qe8 26. Rc4 Rxc4 27. Qxc4 Bf8 28. Nd2 Nh5 $2 {[#] This move loses the game for Black.} (28... Qf7 $16 29. Qc8 d5) 29. Ne4 $18 Qb8 30. Qe6 Nf4 $2 (30... Ng7 31. Qd7 Qe8 32. Qxe8 Nxe8) 31. Bxf4 {White is clearly winning.} Rxf4 32. Nxd6 Bxd6 33. Rxd6 {Weighted Error Value: White=0.30/Black=0.35} 1-0

[Event "ESNH-ch 2021"]
[Site "Tornelo"]
[Date "2021.04.17"]
[Round "1.5"]
[White "Wiedenkeller, Michael"]
[Black "Berend, Fred"]
[Result "1-0"]
[WhiteElo "2445"]
[BlackElo "2323"]
[Annotator "TA"]
[PlyCount "65"]
[EventDate "2021.04.17"]
[EventType "tourn"]
[EventCountry "NET"]
[SourceTitle "playchess.com"]
[Source "ChessBase"]
[SourceQuality "1"]

{[%evp 19,65,25,26,29,65,60,66,58,66,27,44,47,53,52,71,53,86,86,117,104,160,170,175,161,286,298,396,400,572,550,846,839,1297,1312,1190,603,746,591,579,571,5691,1737,29988,29989,29991,29992,29997,29998]} 1. d4 Nf6 2. c4 e6 3. Nc3 Bb4 4. Qc2 d5 5. cxd5 exd5 6. Bg5 h6 7. Bh4 c5 8. dxc5 Nc6 9. e3 g5 10. Bg3 Ne4 {The main line 10...Ne4 scores better than 10...Qa5.} 11. Bd3 {E35: Nimzo-Indian: Classical: 4...d5 5 cxd5 exd5.} Bxc3+ 12. bxc3 Nxc5 13. Ne2 {[#] White is slightly better.} Qf6 $146 ({Predecessor:} 13... Bd7 14. h4 Qf6 15. Nd4 Rc8 16. Qe2 a6 17. Bc2 Ne4 18. Bxe4 dxe4 19. Qb2 b5 {½-½ (41) Cumming,R (2156)-Istratescu,A (2596) London 2016}) 14. Nd4 Nxd3+ 15. Qxd3 Nxd4 16. cxd4 {Black must now prevent Be5.} O-O 17. h4 g4 18. O-O {White leaves nothing to chance now.} Bd7 19. Qb3 Bc6 {[#]} (19... b6 $142) 20. f3 $1 $16 Qe6 {[#]} 21. fxg4 $1 Qxg4 (21... Rac8 $142 22. Rf5 Bd7) 22. Rf3 $18 {And now Be5 would win.} Qe6 23. Raf1 f5 (23... f6 {was worth a try.} 24. Qc2 Kg7) 24. Be5 Rf7 25. e4 f4 26. Rxf4 Raf8 27. Rf5 Kh7 28. R1f4 {Strongly threatening Qg3.} Rxf5 29. exf5 Qc8 30. Qd3 {Threatening mate with f6+.} Be8 31. Rg4 {White mates.} Rg8 32. Rxg8 Kxg8 33. Qg3+ {Weighted Error Value: White=0.31/Black=0.63} 1-0

[Event "ESNH-ch 2021"]
[Site "Tornelo"]
[Date "2021.04.17"]
[Round "2.1"]
[White "Constantinou, Pavlos"]
[Black "Berend, Fred"]
[Result "0-1"]
[WhiteElo "2120"]
[BlackElo "2323"]
[Annotator "TA"]
[PlyCount "80"]
[EventDate "2021.04.17"]
[EventType "tourn"]
[EventCountry "NET"]
[SourceTitle "playchess.com"]
[Source "ChessBase"]
[SourceQuality "1"]

{[%evp 17,80,30,44,46,62,3,10,12,43,8,0,-19,0,-27,-23,-308,-305,-290,-298,-291,-295,-294,-294,-294,-303,-297,-296,-378,-379,-381,-368,-379,-386,-386,-386,-374,-361,-424,-423,-426,-421,-446,-445,-452,-447,-442,-441,-490,-481,-507,-477,-747,-745,-733,-730,-1549,-1469,-1608,-1559,-1329,-847,-887,-849,-1139,-1144]} 1. d4 Nf6 2. Nf3 g6 3. g3 Bg7 4. Bg2 O-O 5. O-O d6 6. b3 c6 7. Bb2 a5 8. c4 Nbd7 9. Nc3 Qc7 10. Rc1 {A49: 1 d4 Nf6 2 Nf3 g6 3 g3: Anti-King's Indian systems.} e5 11. Qd2 ({White should try} 11. dxe5 $14 Nxe5 12. Qd2) 11... Re8 12. e3 {[#] The position is equal.} Nf8 $146 ({Predecessor:} 12... Nb6 13. d5 Bg4 14. h3 Bxf3 15. Bxf3 Qd7 16. dxc6 bxc6 17. c5 e4 18. Nxe4 Nxe4 19. Bxe4 Bxb2 20. Qxb2 Rxe4 21. cxb6 Qxh3 {1-0 (29) Froewis,G (2442)-Papidakis,G (1731) Hersonissos 2019}) 13. dxe5 dxe5 14. Rfd1 Bg4 15. Qd6 (15. h3 $5 {[%cal Rh3g4]} Bxf3 16. Bxf3 $11) 15... Qc8 16. Na4 $2 {[%mdl 8192] This move loses the game for White.} (16. e4 $11 {and White has nothing to worry.}) 16... Ne4 $19 17. Qd3 Qf5 18. Nc3 Nxc3 19. Qxc3 Bxf3 20. e4 Bxe4 21. f3 {[#]} Bxf3 22. Rf1 {[#]} (22. Bxf3 Ne6) 22... Ne6 $1 {Threatens to win with ...e4.} 23. Qxf3 (23. Rxf3 e4) 23... Qxf3 24. Bxf3 f5 25. Rcd1 e4 26. Bxg7 Nxg7 ({Resist} 26... Kxg7 27. Rd7+ Kh6 28. Be2 $19) 27. Be2 Rad8 {Black is clearly winning.} 28. Kf2 Kf7 29. c5 Ke7 30. Ke3 Rxd1 31. Rxd1 {[%mdl 4096] Endgame KRB-KRN} Ne6 32. Rc1 Kf6 33. a3 Ke5 34. b4 (34. h4 $142) 34... axb4 35. axb4 Ra8 36. Rd1 Ra3+ 37. Kf2 Nd4 38. Bc4 Rf3+ 39. Kg2 Nc2 40. Rc1 Rc3 {Weighted Error Value: White=0.65/Black=0.19} 0-1

[Event "ESNH-ch 2021"]
[Site "Tornelo"]
[Date "2021.04.17"]
[Round "2.2"]
[White "Apol, Luitjen Akselsson"]
[Black "Wiedenkeller, Michael"]
[Result "0-1"]
[WhiteElo "2092"]
[BlackElo "2445"]
[Annotator "TA"]
[PlyCount "42"]
[EventDate "2021.04.17"]
[EventType "tourn"]
[EventCountry "NET"]
[SourceTitle "playchess.com"]
[Source "ChessBase"]
[SourceQuality "1"]

{[%evp 9,42,1,4,0,0,0,0,0,14,4,40,41,45,36,51,2,25,14,27,13,22,-137,-125,-350,-362,-430,-399,-530,-536,-579,-570,-619,-624,-608,-601]} 1. d4 Nf6 2. Nf3 d5 3. Bf4 e6 4. e3 Bd6 5. Nbd2 {[%cal Bb1d2,Bd2f3,Bf3e5][%mdl 32]} O-O 6. c3 {D02: 1 d4 d5 2 Nf3 sidelines, including 2...Nf6 3 g3 and 2...Nf6 3 Bf4.} c5 7. Bd3 Bxf4 8. exf4 {The position is equal.} cxd4 9. Nxd4 Nc6 10. N2f3 Qc7 {[#]} 11. Qd2 $146 ({Predecessor:} 11. g3 Nxd4 12. Nxd4 e5 13. fxe5 Qxe5+ 14. Qe2 Qc7 15. O-O Bg4 16. f3 Rfe8 17. Qf2 {1-0 (67) Karjakin,S (2752)-Avila Pavas,S (2393) chess.com INT 2020}) 11... Na5 12. Ne5 Nd7 13. Qe2 Nc5 {White should prevent ...f6.} 14. Bc2 $40 {[%mdl 128] aiming for b4. Black needs to defend precisely.} f6 15. Nb5 $2 Qb6 $17 16. Qh5 {[#] Now White is beyond hope.} Ne4 $1 $19 17. Ng4 f5 (17... g6 $2 18. Qh4 $19) 18. h3 Qxb5 {Black is clearly winning.} 19. Bxe4 dxe4 20. Qg5 Bd7 21. Ne5 Nc4 {Weighted Error Value: White=0.61/Black=0.07} 0-1

[Event "ESNH-ch 2021"]
[Site "Tornelo"]
[Date "2021.04.17"]
[Round "2.3"]
[White "Luke Brezmes, Cristofer"]
[Black "Ziska, Helgi Dam"]
[Result "0-1"]
[WhiteElo "2043"]
[BlackElo "2539"]
[Annotator "TA"]
[PlyCount "74"]
[EventDate "2021.04.17"]
[EventType "tourn"]
[EventCountry "NET"]
[SourceTitle "playchess.com"]
[Source "ChessBase"]
[SourceQuality "1"]

{[%evp 12,74,33,2,30,29,35,28,14,-5,0,-31,-1,-27,-25,-57,-45,-45,-51,-88,-79,-111,-110,-235,-193,-191,-189,-202,-205,-248,-228,-228,-228,-226,-208,-240,-241,-287,-237,-212,-211,-283,-274,-288,-297,-416,-384,-402,-309,-722,-723,-815,-812,-797,-743,-29993,-29994,-29994,-29995,-29995,-29996,-29996,-29997,-29997,-29998]} 1. e4 c5 2. Nf3 d6 3. d4 cxd4 4. Nxd4 Nf6 5. Nc3 a6 6. Bg5 Nbd7 7. f4 Qa5 {B94: Sicilian Najdorf: 6 Bg5 Nbd7.} 8. Qf3 h6 9. Bxf6 Nxf6 {White has an edge.} 10. Bd3 g5 {[#]} 11. Nf5 $146 (11. Nb3 $5 {[%cal Rb3a5]} Qb6 12. Rf1 $11) ({Predecessor:} 11. Nb3 Qc7 12. Nd5 Nxd5 13. exd5 Bg7 14. O-O-O Bd7 15. Rde1 g4 16. Qe3 Bf6 17. Kb1 b5 18. Nd2 Qa7 19. Ne4 Qxe3 20. Nxf6+ exf6 21. Rxe3+ Kd8 {½-½ (21) Egoroff,J (2291)-Mareco,S (2561) Registro 2013}) 11... e6 12. fxg5 hxg5 13. Nxd6+ Bxd6 14. Qxf6 Be5 15. Qf2 Bd7 16. Rf1 f6 $36 {[%mdl 2048] Keeping White busy.} 17. Ke2 (17. h3 $17) 17... Rxh2 18. Rh1 Rxh1 19. Rxh1 {Rh8+ is the strong threat.} O-O-O 20. Qa7 Qb4 ({Weaker is} 20... Bxc3 21. bxc3 Qxc3 22. Rh7 $15) 21. a3 {[#]} Qd6 {Hoping for ...Bd4.} ({Wrong is} 21... Qxb2 $2 {[#]} 22. Rb1 $1 $18) 22. Qf2 ({Not} 22. Rh7 $2 Bd4 $19) 22... Bd4 23. Qf3 Qe5 24. Rh7 Bc6 {aiming for ...f5.} 25. g4 Rf8 26. Kd2 f5 27. Qf1 Kb8 28. Kd1 (28. Rh3 {is a better defense.}) 28... Bxc3 29. bxc3 Bxe4 30. Qe2 $2 (30. Bxe4 Qxe4 31. Qh1 Qxh1+ 32. Rxh1) 30... Qxc3 $19 31. Qh2+ Ka8 32. Qd6 Rc8 {( -> ...Bf3+)} 33. Qd7 Bf3+ {[%mdl 64] Double Attack. Black mates.} 34. Kc1 Qa1+ 35. Kd2 Qd1+ 36. Ke3 f4+ 37. Kf2 Rxc2+ {Black took control after the opening.  Weighted Error Value: White=0.69/Black=0.09} 0-1

[Event "ESNH-ch 2021"]
[Site "Tornelo"]
[Date "2021.04.17"]
[Round "2.5"]
[White "Efimov, Igor"]
[Black "Righi, Ezio"]
[Result "1-0"]
[WhiteElo "2416"]
[BlackElo "1915"]
[Annotator "TA"]
[PlyCount "95"]
[EventDate "2021.04.17"]
[EventType "tourn"]
[EventCountry "NET"]
[SourceTitle "playchess.com"]
[Source "ChessBase"]
[SourceQuality "1"]

{[%evp 17,95,42,39,39,35,15,14,11,21,12,13,11,8,10,47,-4,0,-10,0,2,19,0,0,0,0,0,12,15,51,46,111,112,106,106,112,101,137,142,124,97,97,74,111,110,107,106,117,116,113,80,84,16,16,16,16,16,60,61,64,60,59,55,60,62,205,208,272,219,1691,1685,1489,1515,1628,1518,4714,4714,4714,4629,1553,1230]} 1. e4 c5 2. Nf3 e6 3. d4 cxd4 4. Nxd4 a6 5. Bd3 Bc5 6. Nb3 Ba7 7. O-O Nc6 8. Qe2 d6 9. Be3 Nf6 10. Bxa7 {B42: Sicilian: Kan Variation: 5 Bd3.} Rxa7 11. N1d2 O-O 12. c3 {The position is equal.} e5 13. Nc4 Be6 14. Rfd1 b5 15. Ne3 {[#]} Qb8 $146 ({Predecessor:} 15... Qb6 16. Bc2 Rd8 17. Nd2 g6 18. Qf3 Kg7 19. Ndf1 Ne7 20. Bb3 Bxb3 21. axb3 Qc6 22. Ng3 d5 23. exd5 Qc7 24. c4 Qc5 25. Qxf6+ {1-0 (25) Alarcon Casellas,R (2367)-Lorenzana,W (2215) Havana 2009}) 16. Rd2 (16. Nd2 $14) 16... Rd7 17. Rad1 Kh8 18. Bc2 Ne7 19. h3 Qb6 20. Qf3 a5 21. Nc1 $1 a4 22. a3 Qc6 23. Nd3 Qxe4 (23... Qc7 $14) 24. Qxe4 $16 Nxe4 {[#]} 25. Nxe5 $1 {[%mdl 576] Discovered Attack} Nxd2 26. Nxd7 Nf3+ 27. gxf3 Bxd7 28. Kh2 Nc8 29. Nf5 g6 30. Nxd6 Nxd6 31. Rxd6 {[%mdl 4096] Endgame KRB-KRB} Be6 32. Bd3 Rb8 33. Rd4 (33. Kg3 {looks sharper.} Kg7 34. f4 Kf8 35. Ra6 Ke7 36. h4) 33... Bc4 34. Bxc4 (34. Kg3 $16) 34... bxc4 $11 35. Rxc4 {Hoping for Rb4.} Rxb2 36. Rxa4 Rxf2+ $16 {KR-KR} 37. Kg3 Rc2 38. Rc4 Kg7 39. a4 {[%cal Ba3a4,Ba4a5,Ba5a6,Ba6a7][%mdl 32]} Ra2 40. Kf4 Rh2 {Loses the game.} ({Black should try} 40... Kf6 $1 $14) 41. a5 $18 {Black must now prevent Ra4.} Rxh3 {[#] aiming for ...Rh4+.} 42. Ke3 $1 Rh5 $2 (42... Rh1) 43. Ra4 {White is clearly winning.} Rc5 44. Kd4 Rc8 45. a6 h5 46. a7 Ra8 47. Kc5 h4 48. Kb6 {Weighted Error Value: White=0.13/Black=0.17} 1-0

[Event "ESNH-ch 2021"]
[Site "Tornelo"]
[Date "2021.04.17"]
[Round "3.1"]
[White "Righi, Ezio"]
[Black "Constantinou, Pavlos"]
[Result "0-1"]
[WhiteElo "1915"]
[BlackElo "2120"]
[Annotator "TA"]
[PlyCount "92"]
[EventDate "2021.04.17"]
[EventType "tourn"]
[EventCountry "NET"]
[SourceTitle "playchess.com"]
[Source "ChessBase"]
[SourceQuality "1"]

{[%evp 20,92,52,59,58,58,81,76,58,82,93,46,106,51,62,68,81,81,82,78,82,27,41,39,67,52,81,71,67,69,77,59,46,39,54,61,62,14,28,-34,-23,-16,3,0,0,0,0,0,0,0,12,-44,0,0,0,-46,-55,-89,-81,-211,-217,-479,-472,-478,-473,-465,-472,-476,-474,-470,-463,-486,-447,-485,-479]} 1. e4 c5 2. Nf3 Nc6 3. d4 cxd4 4. Nxd4 g6 5. Nc3 Bg7 6. Be3 Nf6 7. Bc4 O-O 8. Bb3 a5 9. O-O a4 10. Nxa4 Nxe4 11. Nb5 Ra6 {B35: Sicilian: Accelerated Dragon with 5 Nc3: main line.} 12. Qe2 d6 13. Rad1 Bd7 {White is better.} 14. c4 Nf6 15. h3 {[#]} Ne5 $146 (15... Na5 $1 $14) ({Predecessor:} 15... Qb8 16. Nb6 Be6 17. Nd5 Bxd5 18. cxd5 Ne5 19. Rc1 Ra5 20. Bb6 Ra6 21. Bd4 Ra5 {1-0 (64) Taleb,M (2456)-Kulicov,O (2422) Alushta 2004}) 16. Bf4 (16. Nac3 $16) 16... Nh5 $14 17. Bh2 Qa5 18. Nac3 Bc6 19. Nd5 Bxd5 20. cxd5 (20. Rxd5 $16 {aiming for Nxd6.} Nf6 21. Bxe5 dxe5 22. Rxe5) 20... Nd7 21. Nc3 Nhf6 22. Rfe1 ({Avoid the trap} 22. Qxe7 $2 Re8 $19) 22... Re8 23. Ba4 Bf8 24. Bb5 Raa8 25. g4 {Threatens to win with g5.} Red8 26. Rd4 Qa7 27. Ra4 Qb8 28. g5 {Strongly threatening Rxa8.} Nh5 29. b4 ({White should play} 29. Rb4 $11) 29... Rxa4 $15 30. Nxa4 Qc7 31. Qd2 Rc8 32. Bxd7 Qxd7 33. Nb6 {[%mdl 64] [#] Double Attack} Qxh3 34. Nxc8 Qxc8 35. Qe3 ({Better is} 35. Bg3 $11) 35... Qc4 36. Qe4 Qxa2 37. Rc1 (37. Bf4 $5) 37... Qd2 {[%mdl 64] [#] Double Attack} 38. Rc8 Qxg5+ 39. Kh1 {White does not recover from this.} (39. Kf1 $17) 39... Nf6 $19 40. Qxe7 (40. Qc4 {might work better.}) 40... Qxd5+ {Black is clearly winning.} 41. Kg1 {[%csl Gc8][%cal Re7f8]} Qd1+ 42. Kg2 {[%csl Gc8][%cal Re7f8]} Qg4+ {[%mdl 64] Double Attack} 43. Bg3 {[%csl Gc8][%cal Re7f8]} Qxc8 44. Qxf6 Qd7 45. f3 Bg7 46. Qh4 d5 {Weighted Error Value: White=0.27/Black=0.08} 0-1

[Event "ESNH-ch 2021"]
[Site "Tornelo"]
[Date "2021.04.17"]
[Round "3.2"]
[White "Carpenter, Paul A"]
[Black "Efimov, Igor"]
[Result "0-1"]
[WhiteElo "1982"]
[BlackElo "2416"]
[Annotator "TA"]
[PlyCount "62"]
[EventDate "2021.04.17"]
[EventType "tourn"]
[EventCountry "NET"]
[SourceTitle "playchess.com"]
[Source "ChessBase"]
[SourceQuality "1"]

{[%evp 9,62,18,34,31,47,24,28,14,17,-2,-11,-7,0,-24,-11,-18,-25,-19,-20,-373,-389,-365,-155,-145,-144,-154,-144,-151,-145,-222,-213,-214,-222,-209,-204,-224,-219,-214,-206,-210,-207,-230,-216,-343,-343,-368,-383,-431,-443,-519,-518,-587,-581,-570,-556]} 1. Nf3 Nf6 2. c4 d6 3. g3 e5 4. Bg2 Nc6 5. d3 h6 6. O-O {A15: English Opening: 1...Nf6.} Be7 {[#]} 7. Na3 $146 ({Predecessor:} 7. a3 Be6 8. b4 a6 9. Bb2 O-O 10. Nbd2 Qd7 11. Nb3 Bh3 12. Bxh3 Qxh3 13. b5 axb5 14. cxb5 {1-0 (29) Bazan Alejandro,I-Cabrera Espinoza,D Chess.com INT 2020}) 7... O-O 8. Nc2 {White has an edge.} a5 9. Bd2 d5 10. cxd5 Nxd5 11. d4 exd4 12. Ncxd4 Nxd4 13. Nxd4 Bf6 14. Bxa5 $2 {[%mdl 8192] [#] This move loses the game for White.} Rxa5 $19 15. Nb3 c6 ({Inferior is} 15... Bxb2 16. Nxa5 Bxa1 17. Qxd5 $14) (15... Rb5 $19 {Hoping for ...c6.} 16. Qc1 Nb4) 16. e4 $17 Nb4 17. Qxd8 Bxd8 18. Nxa5 Bxa5 19. a3 (19. Rfd1 $17) 19... Nd3 $19 20. b4 Bb6 21. Rad1 Nb2 22. Rc1 Be6 23. Rc2 Nc4 24. a4 Rd8 25. Rfc1 Rd4 26. b5 (26. a5 $142 Na3 27. Rb2) 26... c5 27. e5 Na5 28. Bf3 Rxa4 {Black is clearly winning.} 29. Kg2 Nb3 30. Bxb7 Nxc1 31. Rxc1 c4 {Weighted Error Value: White=0.56/Black=0.16} 0-1